| 000 | 00985nam a2200361Ia 4500 | ||
|---|---|---|---|
| 008 | 170203s9999 xx 000 0 und d | ||
| 020 | _a9780439559669 | ||
| 050 | _aFic | ||
| 050 | _bS857i | ||
| 100 | _aStilton, Geronimo. | ||
| 245 | _aI'm too fond of my fur! / | ||
| 245 | _cGeronimo Stilton ; illustrations by Larry Keys ; English translation by Edizioni Piemme S.p.A. | ||
| 260 | _aNew York : | ||
| 260 | _bScholastic, | ||
| 260 | _c2004 | ||
| 300 | _a116 pages : | ||
| 300 | _bcolor illustrations, maps ; | ||
| 300 | _c20 cm. | ||
| 440 | _aGeronimo Stilton ; | ||
| 440 | _v#4 | ||
| 650 | _aAnimals -- | ||
| 650 | _aJournalists -- | ||
| 650 | _aMice -- | ||
| 650 | _aMountaineering -- | ||
| 650 | _aStilton, Geronimo (Fictitious character) -- | ||
| 650 | _xFiction. | ||
| 650 | _xFiction. | ||
| 650 | _xFiction. | ||
| 650 | _xFiction. | ||
| 650 | _xJuvenile fiction. | ||
| 700 | _aAdventure and adventurers -- | ||
| 700 | _aFiction. | ||
| 999 |
_c306278 _d306278 |
||